000
00346nam a2200145Ia 4500
003
OSt
005
20240229125431.0
008
170523s9999 xx 000 0 und d
020
_a
978-1408215333
040
_c
iimt university meerut
100
_a
LONGMAN
245
0
_a
DICTIONARY OF CONTEMPORARY ENGLISH
260
_b
Excel Books
942
_2
ddc
_c
02
999
_c
542
_d
542